000 00715nam a2200253Ia 4500
003 OSt
005 20221005083812.0
006 a|||||r|||| 00| 0
007 ta
008 221004b |||||||| |||| 00| 0 eng d
024 _a29747
037 _cTextual
040 _aCRL
_cCRL
_beng
041 _2eng
_aeng
082 _aL:394, N4
100 _aPuri Chander P Ed
_9612832
245 0 _aCurrent concepts in fertility regulation and reproduction
260 _aNew Delhi
_bWiley Eastern
_c1994
300 _a641p
_ccm.
650 _aMEDICINE
700 _a Vanlook Paul F A Ed.
_9612833
942 _hL:394, N4
_cTEXL
_2cc
999 _c991562
_d991562